St Aloysius College Mangalore: Annual Magazine 2008-2011 (Record no. 233709)
[ view plain ]
| 000 -LEADER | |
|---|---|
| fixed length control field | 00505nam a22001697a 4500 |
| 005 - DATE AND TIME OF LATEST TRANSACTION | |
| control field | 20250131143726.0 |
| 008 - FIXED-LENGTH DATA ELEMENTS--GENERAL INFORMATION | |
| fixed length control field | 250131b ||||| |||| 00| 0 eng d |
| 040 ## - CATALOGING SOURCE | |
| Transcribing agency | AL |
| 041 ## - LANGUAGE CODE | |
| Language code of text/sound track or separate title | English |
| 082 ## - DEWEY DECIMAL CLASSIFICATION NUMBER | |
| Edition number | 23 |
| Classification number | 378.14 |
| Item number | STAA |
| 100 ## - MAIN ENTRY--PERSONAL NAME | |
| Personal name | ST ALOYSIUS COLLEGE |
| 100 ## - MAIN ENTRY--PERSONAL NAME | |
| 9 (RLIN) | 196719 |
| 245 ## - TITLE STATEMENT | |
| Title | St Aloysius College Mangalore: Annual Magazine 2008-2011 |
| 260 ## - PUBLICATION, DISTRIBUTION, ETC. | |
| Place of publication, distribution, etc. | Mangalore |
| Name of publisher, distributor, etc. | St Aloysius College |
| Date of publication, distribution, etc. | 2008 |
| 650 ## - SUBJECT ADDED ENTRY--TOPICAL TERM | |
| Topical term or geographic name entry element | College Magazine |
| 9 (RLIN) | 196591 |
| 650 ## - SUBJECT ADDED ENTRY--TOPICAL TERM | |
| Topical term or geographic name entry element | 2008-2009,2009-2010,2010-2011 |
| 9 (RLIN) | 196592 |
| 942 ## - ADDED ENTRY ELEMENTS (KOHA) | |
| Source of classification or shelving scheme | Dewey Decimal Classification |
| Koha item type | Donated Books |
| Withdrawn status | Lost status | Source of classification or shelving scheme | Damaged status | Not for loan | Collection code | Home library | Current library | Date acquired | Source of acquisition | Total Checkouts | Full call number | Barcode | Date last seen | Price effective from | Koha item type |
|---|---|---|---|---|---|---|---|---|---|---|---|---|---|---|---|
| Dewey Decimal Classification | Restricted Book | Others | St Aloysius Library | St Aloysius Library | 01/31/2025 | St Aloysius College, Mangalore | 378.14 STAA | D06240 | 01/31/2025 | 01/31/2025 | Donated Books |